000 02243nam a2200301 i 4500
999 _c95446
_d95446
003 BJBSDDR
005 20230410143102.0
007 ta
008 160823s2015 fr 000 0 fre
020 _a9782850861840
040 _bspa
_cBJBSDDR
041 0 _afre
050 1 4 _aKJV 5545.8
_bL834 2015
110 1 _aÉditions législatives.
245 0 0 _aLoi Macron :
_bce qui change en pratique /
_cÉditions législatives.
260 _aMontrouge :
_bÉditions législatives,
_c2015.
300 _a357 p. ;
_c24 cm.
504 _aIncluye referencias bibliográficas e índice.
520 _aLa loi pour la croissance, l'activité et l'égalité des chances dite "loi Macron" réforme en profondeur l'économie. Elle répond à un objectif de modernisation par la libéralisation de certaines activités, l'encouragement de l'investissement et de l'innovation, la volonté de simplifier les obligations des entreprises et les procédures et favoriser l'embauche. Le texte frappe par la diversité des domaines du droit économique touchés. Sont ainsi directement concernés les secteurs de la concurrence et de la distribution, l'urbanisme commercial, les transports, l'actionnariat salarié, les procédures collectives, l'ouverture des magasins le dimanche, les professions réglementées, le droit et la justice prud'hommale ou encore la spécialisation des tribunaux de commerce. Ce broché permet au lecteur d'apprécier les enjeux pratiques des nouveautés. Il associe les équipes rédactionnelles des "Dictionnaires Permanents Droit des affaires, Difficultés des entreprises, Assurances, Épargne et produits financiers et Recouvrement de créances. Il expose en outre le point de vue de professionnels du terrain sur les aspects les plus complexes du texte. Des tableaux complètent enfin les commentaires qui précisent les modalités d'application du texte.
650 0 _aDroit public économique
_zFrance
_y1990-
650 4 _aDerecho público económico
_zFrance
_y1990-
_919997
650 _aDroit commercial
_zFrance
_y1990-
650 0 _aDerecho comercial
_zFrancia
_y1990-
_98214
650 _aDroit du travail
_zFrance
_y1990-
650 4 _aDerecho laboral
_zFrance
_y1990-
_99336
942 _2lcc
_cBK
946 _almd